| 000 | 04830nam a22018734i 4500 | ||
|---|---|---|---|
| 003 | PE-LiUPU | ||
| 005 | 20250813165412.0 | ||
| 008 | 150420s2014 mx a rb 000 0 spa d | ||
| 020 | _a6070504488 | ||
| 020 | _a9786070504488 | ||
| 035 | _a(Sirsi) i9786070504488 | ||
| 040 |
_aCKJAV _bspa _cCKJAV _dPE-LiUPU _erda |
||
| 049 | _aPRUA | ||
| 082 | 0 | 4 |
_a658.56 _bE76 2015 |
| 100 | 1 |
_aEscalante Vázquez, Edgardo J., _eautor. |
|
| 245 | 1 | 0 |
_aSeis-sigma : _bmetodología y técnicas / _cEdgardo J. Escalante Vázquez. |
| 250 | _aSegunda edición. | ||
| 264 | 1 |
_aMéxico, D.F. : _bLimusa/Noriega, _c2014. |
|
| 300 |
_a606 páginas : _bilustraciones ; _c23 centímetros. |
||
| 336 |
_atext _2rdacontent |
||
| 337 |
_aunmediated _2rdamedia |
||
| 338 |
_avolume _2rdacarrier |
||
| 504 | _aBibliografía : página 575-580. | ||
| 505 | 0 | _aDefinir el problema / seleccionar el proyecto -- Definir y describir el proceso -- Evaluar los sistemas de medición -- Evaluar la capacidad del proceso -- Determinar las variables significativas -- Optimizar y robustecer el proceso -- Controlar el proceso -- Resumen de un proyecto seis-sigma -- El método Taguchi. | |
| 526 | _aP203 | ||
| 526 | _aP200 | ||
| 526 | _aSEG65 | ||
| 526 | _aSEG64 | ||
| 526 | _aSEG63 | ||
| 526 | _aSEG62 | ||
| 526 | _aSEG61 | ||
| 526 | _aSEG60 | ||
| 526 | _aSEG59 | ||
| 526 | _aSEG58 | ||
| 526 | _aSEG57 | ||
| 526 | _aSEG56 | ||
| 526 | _aSEG55 | ||
| 526 | _aSEG54 | ||
| 526 | _aSEG53 | ||
| 526 | _aSEG52 | ||
| 526 | _aSEG51 | ||
| 526 | _aSEG50 | ||
| 526 | _aSEG49 | ||
| 526 | _aSEG48 | ||
| 526 | _aSEG47 | ||
| 526 | _aSEG46 | ||
| 526 | _aSEG24 | ||
| 526 | _aSEG23 | ||
| 526 | _aSEG22 | ||
| 526 | _aSEG21 | ||
| 526 | _aSEG20 | ||
| 526 | _aSEG19 | ||
| 526 | _aSEG18 | ||
| 526 | _aSEG17 | ||
| 526 | _aSEG16 | ||
| 526 | _aSEG14 | ||
| 526 | _aSEG13 | ||
| 526 | _aSEG12 | ||
| 526 | _aSEG11 | ||
| 526 | _aSEG10 | ||
| 526 | _aSEG09 | ||
| 526 | _aSEG06 | ||
| 526 | _aSEG05 | ||
| 526 | _aSEG04 | ||
| 526 | _aSEG03 | ||
| 526 | _aSEG02 | ||
| 526 | _aSEG68 | ||
| 526 | _aSEG66 | ||
| 526 | _aSEG45 | ||
| 526 | _aSEG25 | ||
| 526 | _aSEG01 | ||
| 526 | _aP163 | ||
| 526 | _aP162 | ||
| 526 | _aP161 | ||
| 526 | _aP160 | ||
| 526 | _aP159 | ||
| 526 | _aP158 | ||
| 526 | _aP157 | ||
| 526 | _aP156 | ||
| 526 | _aP155 | ||
| 526 | _aP154 | ||
| 526 | _aP153 | ||
| 526 | _aP152 | ||
| 526 | _aP151 | ||
| 526 | _aP150 | ||
| 526 | _aP149 | ||
| 526 | _aP142 | ||
| 526 | _aP141 | ||
| 526 | _aP140 | ||
| 526 | _aP139 | ||
| 526 | _aP138 | ||
| 526 | _aP137 | ||
| 526 | _aP132 | ||
| 526 | _aP131 | ||
| 526 | _aP130 | ||
| 526 | _aP126 | ||
| 526 | _aP125 | ||
| 526 | _aP124 | ||
| 526 | _aP123 | ||
| 526 | _aP115 | ||
| 526 | _aP122 | ||
| 526 | _aP121 | ||
| 526 | _aP116 | ||
| 526 | _a P114 | ||
| 526 | _aP112 | ||
| 526 | _aP111 | ||
| 526 | _aP104 | ||
| 526 | _aP103 | ||
| 526 | _aP102 | ||
| 526 | _aP101 | ||
| 526 | _aP100 | ||
| 526 | _aP96 | ||
| 526 | _aP95 | ||
| 526 | _aP93 | ||
| 526 | _aP92 | ||
| 526 | _aP91 | ||
| 526 | _aP88 | ||
| 526 | _aP83 | ||
| 526 | _aP82 | ||
| 526 | _aP79 | ||
| 526 | _aP78 | ||
| 526 | _aP75 | ||
| 526 | _aP74 | ||
| 526 | _aP71 | ||
| 526 | _aP69 | ||
| 526 | _a P51 | ||
| 526 | _aP49 | ||
| 526 | _aP48 | ||
| 526 | _aP47 | ||
| 526 | _aP33 | ||
| 526 | _aP31 | ||
| 526 | _a P30 | ||
| 526 | _aP29 | ||
| 526 | _aP27 | ||
| 526 | _aP26 | ||
| 526 | _aP25 | ||
| 526 | _aP24 | ||
| 526 | _a P22 | ||
| 526 | _aP10 | ||
| 526 | _aP09 | ||
| 526 | _a P08 | ||
| 526 | _aP06 | ||
| 526 | _aP05 | ||
| 526 | _aP04 | ||
| 526 | _aP01 | ||
| 541 | _g0014-0001979; | ||
| 541 | _g0020-0002446; | ||
| 650 | 4 | _aAdministración de la producción -- Métodos estadísticos. | |
| 650 | 4 | _aControl de calidad -- Métodos estadísticos. | |
| 650 | 4 | _aMétodos de taguchi (Control de calidad) | |
| 650 | 4 | _aSeis sigma. | |
| 910 |
_armch _btqv _cwelc _d20170213 |
||
| 942 |
_2ddc _cBOOK |
||
| 949 |
_a658.56 E76 2015 _wDEWEY _c1 _iFJ06727 _lCCODEBUJ1 _mBUJ _p31.10 _r0 _sY _tBOOK _u2017-02-13 _xFCE _PP04 _0COMPRA _o.STAFF. Colección General Juliaca |
||
| 994 |
_aC0 _bPEPRU |
||
| 596 | _a1 3 | ||
| 999 |
_a658.56 E76 2015 _wDEWEY _c15644 _iFJ06727 _d15644 _e2019-4-12 _f2022-2-1 _g4 _lCCODEBUJ1 _mBUJ _n1 _p31.10 _q1 _r0 _sY _tBOOK _u2017-2-13 _xFCE _PP04 _0COMPRA _o.STAFF. Colección General Juliaca |
||
| 999 |
_a658.562 E76 _wDEWEY _c1 _i75796 _d2018-6-19 _e2018-6-18 _f2021-11-9 _g4 _lCCODEBUL1 _mBUL _n3 _p31.52 _q2 _r0 _sY _tBOOK _u2017-5-26 _xINGENIERIA _PP27 _0COMPRA _o.STAFF. Colección Ingeniería y Aquitectura |
||
| 980 |
_81 _gALBERTO SANCHEZ Responsable de Automatización |
||